MARC

LEADER 00000nam0a2200000 4500
001 678797
005 20250224112513.0
090 |a 678797 
100 |a 20250224d1979 k||y0rusy50 ca 
101 0 |a rus 
102 |a RU 
105 |a a z 001yy 
181 0 |a i   |b  e  
182 0 |a n 
183 0 |a nc  |2 RDAcarrier 
200 1 |a Снижение загрязненности сточных вод гидролизных предприятий  |f Б. И. Токарев, Л. Н. Краев, Л. И. Брызгалов 
203 |a Текст  |b визуальный  |c непосредственный 
210 |a Москва  |c Лесная промышленность  |d 1979 
215 |a 64 с.  |c ил. 
283 |a volume  |2 RDAcarrier 
320 |a Список литературы: с. 63-64 
606 1 |a Гидролизные заводы  |x Водное хозяйство  |9 54550 
610 1 |a производственные сточные воды 
610 1 |a гидролиз 
610 1 |a водооборот 
610 1 |a гидролизат 
610 1 |a стоки 
675 |a 66.093  |v 4 
700 1 |a Токарев  |b Б. И.  |g Борис Иванович 
701 1 |a Краев  |b Л. В.  |g Лев Николаевич 
701 1 |a Брызгалов  |b Л. И.  |g Лев Иванович 
801 0 |a RU  |b 63413507  |c 20250224 
830 |a Ретро2025Каталогизация Мотырева 
850 |a 63413507 
942 |c BK